|
|
|
|
| LEADER |
00000cam a2200000 a 4500 |
| 001 |
vtls011754245 |
| 003 |
SK-MaSNL |
| 005 |
20260311145137.0 |
| 008 |
200104s1923 xr 000 0 cze |
| 015 |
|
|
|a SNBA1923
|
| 035 |
|
|
|a urn:nbn:sk:snk-am00d1ub
|
| 035 |
|
|
|a urn:nbn:sk:snk-am3hito
|
| 035 |
|
|
|a 2612FA77-E315-4364-9B91-752B40D26901
|
| 040 |
|
|
|a SNK
|b slo
|c SNK
|e AACR2
|
| 041 |
0 |
|
|a cze
|
| 044 |
|
|
|a xr
|c CZ
|
| 080 |
|
|
|a 94(100)"1914/1918"
|2 1981
|
| 080 |
|
|
|a 94(437)"1914/1918"
|2 1981
|
| 100 |
1 |
|
|a Kudela, Josef,
|d 1886-1942
|4 aut
|9 121768
|
| 245 |
1 |
0 |
|a Šest let boje za svobodu
|b stručný přehled čs. revolučního hnutí v Rusku
|c přednáška, kterou pronesl Jos. Kudela v bratislavském a brněnském cyklu o československé revoluci
|
| 260 |
|
|
|a Brno
|b Moravský legionář
|c 1923
|
| 300 |
|
|
|a 47 s.
|c 18 cm
|
| 490 |
1 |
|
|a Přednášky
|v sv. 2
|
| 610 |
2 |
7 |
|a Československé légie
|2 SNKKA
|9 174821
|
| 650 |
0 |
7 |
|a prvá svetová vojna (1914-1918)
|2 SNKPH
|9 162650
|
| 650 |
0 |
7 |
|a legionári
|2 SNKPH
|9 67718
|
| 650 |
0 |
7 |
|a zahraničné vojenské jednotky
|2 SNKPH
|9 67719
|
| 651 |
|
7 |
|a Československo
|2 SNKPHgeo
|9 21376
|
| 651 |
|
7 |
|a Rusko
|2 SNKPHgeo
|9 17250
|
| 655 |
|
7 |
|a štúdie
|2 SNKPH
|9 57033
|
| 655 |
|
7 |
|a prednášky
|2 SNKPH
|9 70554
|
| 752 |
|
|
|a Česko
|d Praha
|
| 830 |
|
0 |
|a Přednášky
|9 359789
|
| 958 |
|
|
|a ONDV
|
| 999 |
|
|
|c 1119621
|d 1121551
|
| 952 |
|
|
|a SNK
|b SNK
|y PREZ
|7 0
|p 17A0907253
|o snkSD 4468
|i snk247/40
|0 0
|1 0
|4 0
|d 2018-05-02
|f 1
|l 0
|r 2025-11-10 00:00:00
|w 2026-02-24
|